00519nam a2200169Ia 4500008004100000020001800041040001900059041001200078082002500090245010600115260003600221300001700257504001900274650001400293700002200307850002000329131103s9999 xx 000 0 und d a0 7100 7693 2 aLoreto College aEnglish a370.9/RAYbLCBkB/448 aCities, communities and the youngb readings in Urban education cEdited by John Raynor & Jane Harden aLondonbRoutledhe & Keganc1973 av.1 c 21cm. aIncludes index aEducation aRaynor, John; ed. aLCBkB/370.9/RAY